| 000 | 00748nam a2200193 a 4500 | ||
|---|---|---|---|
| 008 | 150824s1995 ||||||||||||||||| || u | ||
| 020 | _a9780697160140 | ||
| 050 | _aQP 34.5 Ben | ||
| 100 | _aBenson, Harold J | ||
| 245 | 1 | 0 |
_aAnatomy and physiology: laboratory textbook.(6th ed.) _cby Harold J. Benson, Stanley E. Gunstream, Arthur Talaro and Kathleen P. Talaro |
| 250 | _a6th ed. | ||
| 260 |
_aBoston _bMcGraw-Hill _c1995 |
||
| 300 | _aviii, 498p. :ill. | ||
| 350 | _a55.55 | ||
| 650 | _aPHYSIOLOGY | ||
| 650 | _aPHYSIOLOGY--HANDBOOKS | ||
| 650 | 3 | _aANATOMY | |
| 995 |
_aMEDICAL LIBRARY OPEN ACCESS _e903079 _FCBU-SCHOOL OF MEDICINE LIBRARY (Ndola) _I55.55 _jQP 34.5 Ben _M1 _UAVAILABLE _WSep 7, 2015 _y903079 _ZMedical Library Open Access Collection |
||
| 999 |
_c30737 _d30737 |
||